| 000 | 01063nam a22002651u 4500 | ||
|---|---|---|---|
| 001 | 12208 | ||
| 003 | HDC | ||
| 007 | cr bn --- | ||
| 008 | 210209p2002 my eng | ||
| 040 | _aHDC | ||
| 100 |
_aWong, Hee Kum, _eauthor _912680 |
||
| 245 | 0 |
_aGrowth performance, mineral balance and metabolic profile of growing Sahiwal Friesian cattle as affected by cocoa pod husks (CPH) levels in palm kernel cake (PKC) based diet / _cby Wong Hee Kum and Wan Zahari Mohamed |
|
| 260 |
_aSerdang : _bMalaysian Agricultural Research and Development Institute (MARDI), _c2002 |
||
| 300 | _a1 page | ||
| 336 |
_atext _2rdacontent |
||
| 337 |
_acomputer _2rdamedia |
||
| 338 |
_aonline resource _2rdacarrier |
||
| 650 |
_aCocoa pod husks _912683 |
||
| 650 |
_aMetabolic profile _912682 |
||
| 650 |
_aPalm kernel cake _912681 |
||
| 856 | _zRequest full-text at [email protected] | ||
| 942 | _2lcc | ||
| 942 | _cAR | ||
| 942 | _kJART 003046 | ||
| 999 |
_c9531 _d9531 |
||